Výklad harmonizovaných právnych predpisov v Slovenskej republike

Bibliographic Details
Main Author: Csach, Kristián, 1980- (Author)
Format: Article
Language:Slovak
ISSN:0032-6984
Subjects:

MARC

LEADER 00000nab a2200000 a 4500
001 vtls008959257
003 SK-MaSNL
005 20260426104005.0
008 250505c2006 xo qr|p|||||||000 b|slo
015 |a SNBRB2007/03 
035 |a (uuid)8342fbe6-fc52-461e-a8e2-5e68f415665d 
035 |a urn:nbn:sk:snk-ab2a2r 
035 |a (urnnbn)urn:nbn:sk:snk:ar-a020ee 
038 |a SNKBUCL 
040 |a SNKBUCL  |b slo  |c SNKBUCL  |e AACR2 
041 0 |a slo  |b eng 
044 |a xo  |c SK 
080 |a 342  |x (437.6)  |2 1997 
100 1 |a Csach, Kristián,  |d 1980-  |4 aut  |9 206136 
245 1 0 |a Výklad harmonizovaných právnych predpisov v Slovenskej republike  |c Kristián Csach 
504 |a Bibliogr. odkazy 
546 |a Res. angl. 
650 0 7 |a právne predpisy  |2 snkbucl  |9 1155 
650 0 7 |a národné právo  |2 snkbucl  |9 1453075 
651 7 |a Slovensko  |2 snkbucl  |9 14231 
773 0 |t Právny obzor  |g Roč. 89, č. 5 (2006), s. 444-460  |x 0032-6984 
850 |a Slovenská národná knižnica 
852 |a Slovenská národná knižnica 
954 |a odborná, vedecká literatúra pôvodná (slovenská)  |2 lita 
958 |a article27 
958 |a SK 
958 |a NB 
958 |a OND 
958 |a EUIPO 
999 |c 3303513  |d 3305443